[Event "Buenos Aires Duchamp op 1st"]
[Site "Buenos Aires"]
[Date "2011.09.17"]
[Round "5"]
[White "Pedro, Fernando Pablo"]
[Black "Colautti Grosso, Marcela Fabiana"]
[Result "1-0"]
[WhiteElo "2164"]
[BlackElo "1921"]
[PlyCount "53"]
[EventDate "2011.09.12"]
[EventType "swiss"]
[EventRounds "9"]
[EventCountry "ARG"]
[SourceTitle "CBM 144 Extra"]
[Source "ChessBase"]
[SourceDate "2011.10.28"]
[SourceVersion "1"]
[SourceVersionDate "2011.10.28"]
[SourceQuality "1"]

1. Nf3 d5 2. c4 d4 3. e3 c5 4. b4 dxe3 5. fxe3 cxb4 6. d4 e6 7. Bd3 Nc6 8. 0-0 Nf6 9. Bb2 b6 10. Nbd2 Bb7 11. Ng5 h6 12. Nge4 Be7 13. Nxf6+ Bxf6 14. Ne4 Bg5 15. Qf3 0-0 16. Qg3 f5 17. Qh3 Na5 18. Nxg5 Qxg5 19. Rf4 Rac8 20. d5 exd5 21. Bxf5 Rce8 22. Be6+ Kh7 23. Rg4 Qe7 24. Rxg7+ Qxg7 25. Bxg7 Kxg7 26. Qg4+ Kf6 27. cxd5 1-0

[Event "Buenos Aires Duchamp op 1st"]
[Site "Buenos Aires"]
[Date "2011.09.14"]
[Round "3"]
[White "Pedro, Fernando Pablo"]
[Black "Dolezal, Cristian"]
[Result "0-1"]
[WhiteElo "2164"]
[BlackElo "2428"]
[PlyCount "86"]
[EventDate "2011.09.12"]
[EventType "swiss"]
[EventRounds "9"]
[EventCountry "ARG"]
[SourceTitle "EXT 2014"]
[Source "ChessBase"]
[SourceDate "2013.11.20"]
[SourceVersion "1"]
[SourceVersionDate "2013.11.20"]
[SourceQuality "1"]

1. Nf3 c5 2. e4 e6 3. d4 cxd4 4. Nxd4 Nf6 5. Nc3 Nc6 6. Ndb5 Bc5 7. Bf4 e5 8. Bg5 d6 9. Bxf6 Qxf6 10. Qd2 0-0 11. Nc7 Rb8 12. N7d5 Qd8 13. Bd3 Be6 14. 0-0 a6 15. Kh1 Bd4 16. Rab1 Bxc3 17. Qxc3 Ne7 18. Rbd1 Bxd5 19. exd5 f5 20. Be2 Qb6 21. Qb3 Qc5 22. Rd3 Ng6 23. Rc3 Qa5 24. Qc4 Nf4 25. Bd3 e4 26. g3 Ng6 27. Be2 Ne5 28. Qc7 Qxc7 29. Rxc7 Rfc8 30. Rxc8+ Rxc8 31. c3 Rc5 32. Rd1 Kf7 33. Kg2 Kf6 34. f4 exf3+ 35. Bxf3 b5 36. Kf2 a5 37. Rd2 g5 38. Be2 Nc4 39. b4 Nxd2 40. bxc5 Ne4+ 41. Ke3 dxc5 42. Bxb5 Nxc3 43. Bc4 Ke5 0-1

[Event "Buenos Aires"]
[Site "Buenos Aires"]
[Date "2008.10.05"]
[Round "8"]
[White "Guerrero, Alvaro"]
[Black "Pedro, Fernando Pablo"]
[Result "1/2-1/2"]
[WhiteElo "2153"]
[BlackElo "2187"]
[PlyCount "104"]
[EventDate "2008.09.28"]
[EventType "tourn"]
[EventRounds "9"]
[EventCountry "ARG"]
[EventCategory "3"]
[SourceTitle "EXT 2011"]
[Source "ChessBase"]
[SourceDate "2010.11.26"]
[SourceVersion "1"]
[SourceVersionDate "2010.11.26"]
[SourceQuality "1"]

1. d4 d6 2. c4 e5 3. d5 f5 4. Nc3 Nf6 5. e3 Be7 6. Bd3 a5 7. a3 Bd7 8. Nge2 Na6 9. Bc2 Nc5 10. b3 0-0 11. Bb2 Kh8 12. b4 Na6 13. Na2 c6 14. dxc6 bxc6 15. 0-0 Qb8 16. Bc3 Be6 17. Bd3 d5 18. c5 Ne4 19. Be1 f4 20. f3 Nexc5 21. bxc5 Bxc5 22. Qc2 Bxe3+ 23. Bf2 Qd6 24. Bxe3 fxe3 25. Bxa6 Rxa6 26. Qd3 c5 27. Qxe3 d4 28. Qd2 c4 29. Ng3 Rb6 30. Qxa5 Rb2 31. Ne4 Qd5 32. Qa7 Ra8 33. Qe7 Bf5 34. Nb4 Qe6 35. Qb7 Rf8 36. h4 Qh6 37. Ng5 Qxh4 38. Qe7 Rxg2+ 39. Kxg2 Bh3+ 40. Kh2 Bxf1+ 41. Kg1 Qg3+ 42. Kxf1 Rxf3+ 43. Nxf3 Qxf3+ 44. Ke1 Qe3+ 45. Kd1 Qg1+ 46. Kc2 Qf2+ 47. Kb1 Qe1+ 48. Kc2 Qe2+ 49. Kc1 Qe1+ 50. Kc2 Qf2+ 51. Kd1 Qf1+ 52. Kc2 Qe2+ 1/2-1/2

[Event "Buenos Aires"]
[Site "Buenos Aires"]
[Date "2008.10.03"]
[Round "7"]
[White "Pedro, Fernando Pablo"]
[Black "Real de Azua, Ernesto"]
[Result "0-1"]
[WhiteElo "2187"]
[BlackElo "2413"]
[PlyCount "68"]
[EventDate "2008.09.28"]
[EventType "tourn"]
[EventRounds "9"]
[EventCountry "ARG"]
[EventCategory "3"]
[SourceTitle "EXT 2011"]
[Source "ChessBase"]
[SourceDate "2010.11.26"]
[SourceVersion "1"]
[SourceVersionDate "2010.11.26"]
[SourceQuality "1"]

1. f4 c5 2. g3 g6 3. Bg2 Bg7 4. Nf3 Nc6 5. 0-0 e6 6. d3 Nge7 7. c3 0-0 8. Qe1 b6 9. Na3 d6 10. e4 Ba6 11. Qe2 Qd7 12. Bd2 Rae8 13. Rfe1 h6 14. Bf1 Kh7 15. Qg2 f5 16. Nc4 b5 17. Ne3 Bb7 18. Qh3 Kg8 19. Ng2 b4 20. Ngh4 bxc3 21. Bxc3 Nd4 22. Bxd4 cxd4 23. e5 Rc8 24. Re2 dxe5 25. Nxe5 Bxe5 26. Rxe5 g5 27. Rae1 g4 28. Rxe6 gxh3 29. Rxe7 Qd5 30. R1e6 Qh1+ 31. Kf2 Qxh2+ 32. Bg2 Rc2+ 33. Ke1 Qg1+ 34. Bf1 Qf2+ 0-1

[Event "Buenos Aires"]
[Site "Buenos Aires"]
[Date "2008.10.02"]
[Round "6"]
[White "Granara Barreto, Sebastian A"]
[Black "Pedro, Fernando Pablo"]
[Result "1-0"]
[WhiteElo "2260"]
[BlackElo "2187"]
[PlyCount "101"]
[EventDate "2008.09.28"]
[EventType "tourn"]
[EventRounds "9"]
[EventCountry "ARG"]
[EventCategory "3"]
[SourceTitle "EXT 2011"]
[Source "ChessBase"]
[SourceDate "2010.11.26"]
[SourceVersion "1"]
[SourceVersionDate "2010.11.26"]
[SourceQuality "1"]

1. e4 Nf6 2. e5 Nd5 3. d4 d6 4. Nf3 g6 5. c4 Nb6 6. exd6 cxd6 7. Be3 Bg7 8. Nc3 0-0 9. Qd2 Bg4 10. Ng5 e5 11. dxe5 dxe5 12. Qxd8 Rxd8 13. c5 Nd5 14. Nxd5 Rxd5 15. Bc4 Rd7 16. h3 Bf5 17. 0-0 h6 18. Nxf7 Rxf7 19. g4 Bd7 20. Rad1 Kf8 21. c6 Bxc6 22. Rd8+ Ke7 23. Rfd1 b6 24. Bxf7 Kxf7 25. Rc8 Bf6 26. Bxh6 Ke6 27. Bf8 Bd5 28. g5 Bxg5 29. Re8+ Kf7 30. Rxe5 Bxa2 31. Rxg5 Kxf8 32. Rxg6 Na6 33. Ra1 Nb4 34. Rg4 a5 35. Rg6 Rb8 36. Rd1 Bf7 37. Rg5 Re8 38. Rd2 Re6 39. f4 Nc6 40. Kf2 Ke7 41. h4 Re4 42. Re2 Rxe2+ 43. Kxe2 b5 44. Ke3 Bc4 45. h5 Nd8 46. h6 Nf7 47. h7 Kf6 48. Rg8 a4 49. h8Q+ Nxh8 50. Rxh8 b4 51. Ra8 1-0

[Event "IECG CP.2008.P.00003 email"]
[Site "IECG email"]
[Date "2008.10.01"]
[Round "?"]
[White "Pedro, Fernando Pablo"]
[Black "Obando, Daniel"]
[Result "1-0"]
[WhiteElo "1963"]
[BlackElo "1556"]
[PlyCount "75"]
[EventDate "2008.10.01"]
[EventType "tourn (corr)"]
[EventRounds "6"]
[EventCountry "ARG"]
[SourceTitle "Corr 2024"]
[Source "ChessBase"]
[SourceDate "2023.10.19"]
[SourceVersion "1"]
[SourceVersionDate "2023.10.19"]
[SourceQuality "1"]

1. d4 Nf6 2. c4 e6 3. g3 d5 4. Bg2 dxc4 5. Nf3 Nc6 6. Qa4 Nd7 7. Qxc4 Nb6 8. Qb5 Bd7 9. Qb3 Bd6 10. 0-0 0-0 11. Nc3 h6 12. Rd1 a5 13. a4 Qe7 14. Ne4 Bb4 15. Bf4 Nd5 16. Bd2 Bxd2 17. Nexd2 Qb4 18. e3 Qxb3 19. Nxb3 b6 20. Nbd2 f6 21. Rac1 Rac8 22. Bf1 Nce7 23. e4 Nb4 24. Bc4 Kh8 25. Bb3 Nd3 26. Rc2 Nb4 27. Rc3 Kh7 28. h4 Rfd8 29. h5 Rf8 30. Nh4 Rfd8 31. Ndf3 c5 32. Kg2 c4 33. Bxc4 Bxa4 34. Ra1 Bd7 35. Bb3 Re8 36. Nd2 Nec6 37. Ba4 Rcd8 38. Nc4 1-0

[Event "Buenos Aires"]
[Site "Buenos Aires"]
[Date "2008.09.30"]
[Round "4"]
[White "Cubas, Jose Fernando"]
[Black "Pedro, Fernando Pablo"]
[Result "1-0"]
[WhiteElo "2433"]
[BlackElo "2187"]
[PlyCount "61"]
[EventDate "2008.09.28"]
[EventType "tourn"]
[EventRounds "9"]
[EventCountry "ARG"]
[EventCategory "3"]
[SourceTitle "EXT 2011"]
[Source "ChessBase"]
[SourceDate "2010.11.26"]
[SourceVersion "1"]
[SourceVersionDate "2010.11.26"]
[SourceQuality "1"]

1. e4 c6 2. d4 d5 3. e5 Bf5 4. Nd2 Nd7 5. Ngf3 e6 6. Nb3 Bg6 7. Be2 f6 8. 0-0 Bf7 9. c4 Ne7 10. Bd2 Qc7 11. Re1 dxc4 12. Bxc4 b5 13. Bd3 Nd5 14. Rc1 a6 15. Ba5 Qb7 16. exf6 N7xf6 17. Ng5 Nf4 18. Qf3 Bd6 19. Nc5 Bxc5 20. Qxf4 Be7 21. Nxe6 Bxe6 22. Rxe6 0-0 23. Rexc6 Rae8 24. Qc7 Qxc7 25. Bxc7 Nd5 26. Ba5 Bb4 27. Rxa6 Nf4 28. Bxb5 Ne2+ 29. Bxe2 Rxe2 30. Bxb4 Rfxf2 31. Ra8+ 1-0

[Event "Buenos Aires"]
[Site "Buenos Aires"]
[Date "2008.09.29"]
[Round "3"]
[White "Pedro, Fernando Pablo"]
[Black "Perez Ponsa, Federico"]
[Result "1/2-1/2"]
[WhiteElo "2187"]
[BlackElo "2363"]
[PlyCount "32"]
[EventDate "2008.09.28"]
[EventType "tourn"]
[EventRounds "9"]
[EventCountry "ARG"]
[EventCategory "3"]
[SourceTitle "EXT 2011"]
[Source "ChessBase"]
[SourceDate "2010.11.26"]
[SourceVersion "1"]
[SourceVersionDate "2010.11.26"]
[SourceQuality "1"]

1. d4 Nf6 2. c4 c5 3. d5 e6 4. Nc3 exd5 5. cxd5 d6 6. e4 g6 7. Nge2 Bg7 8. Ng3 0-0 9. Be2 Na6 10. 0-0 Nc7 11. a4 b6 12. Bg5 h6 13. Be3 a6 14. Qd2 Kh7 15. h3 Rb8 16. Rab1 Nd7 1/2-1/2

[Event "Buenos Aires"]
[Site "Buenos Aires"]
[Date "2008.09.28"]
[Round "2"]
[White "Oddone, Cristhian"]
[Black "Pedro, Fernando Pablo"]
[Result "0-1"]
[WhiteElo "2246"]
[BlackElo "2187"]
[PlyCount "62"]
[EventDate "2008.09.28"]
[EventType "tourn"]
[EventRounds "9"]
[EventCountry "ARG"]
[EventCategory "3"]
[SourceTitle "EXT 2011"]
[Source "ChessBase"]
[SourceDate "2010.11.26"]
[SourceVersion "1"]
[SourceVersionDate "2010.11.26"]
[SourceQuality "1"]

1. e4 e6 2. d3 d5 3. Nd2 Nf6 4. Ngf3 b6 5. c3 Be7 6. Be2 0-0 7. 0-0 c5 8. Re1 dxe4 9. dxe4 Bb7 10. Qc2 Nc6 11. Bf1 Qc7 12. a4 Ne5 13. Nc4 Nxc4 14. Bxc4 h6 15. g3 Rad8 16. Nd2 a6 17. Nf1 Qc6 18. f3 b5 19. Be2 Nd7 20. Be3 c4 21. g4 Nc5 22. axb5 axb5 23. Ng3 Nd3 24. Rf1 Bc5 25. Bxc5 Qxc5+ 26. Kh1 Nf4 27. Rad1 Qe3 28. Rxd8 Rxd8 29. Rd1 Rd3 30. h4 Nxe2 31. Qxe2 Qxe2 0-1

[Event "IECG WC.2012.P.00002 email"]
[Site "IECG email"]
[Date "2008.02.15"]
[Round "?"]
[White "Pedro, Fernando Pablo"]
[Black "Bogustov, Andrei"]
[Result "1-0"]
[WhiteElo "2099"]
[BlackElo "2030"]
[PlyCount "113"]
[EventDate "2008.02.15"]
[EventType "tourn (corr)"]
[EventRounds "6"]
[SourceTitle "Corr 2024"]
[Source "ChessBase"]
[SourceDate "2023.10.19"]
[SourceVersion "1"]
[SourceVersionDate "2023.10.19"]
[SourceQuality "1"]

1. e4 d6 2. d4 Nf6 3. Nc3 g6 4. Bg5 Bg7 5. Qd2 c6 6. a4 h6 7. Be3 Ng4 8. Nf3 0-0 9. Be2 Nxe3 10. Qxe3 Qa5 11. 0-0 Na6 12. Nb1 e5 13. c3 exd4 14. cxd4 Be6 15. Nc3 Nb4 16. Qd2 Rae8 17. Rfe1 a6 18. h3 Re7 19. Ra3 b6 20. Bf1 Rfe8 21. Nb5 Rd8 22. d5 cxd5 23. Nbd4 dxe4 24. Rxe4 Bf8 25. Nxe6 Rxe6 26. Rxe6 fxe6 27. Nd4 Nc6 28. Qxa5 Nxa5 29. Nxe6 Re8 30. Re3 d5 31. Bxa6 Bd6 32. Bb5 Rc8 33. g4 Nc6 34. Kg2 Ne7 35. Rb3 g5 36. Bd7 Rb8 37. Kf1 Be5 38. Ke2 Rb7 39. Be8 Rb8 40. Bh5 Ra8 41. Rb4 Nc8 42. b3 Bc3 43. Rb5 Ra5 44. Be8 Rxb5 45. Bxb5 Ne7 46. Be8 Bb4 47. Kd3 Be1 48. Ke3 Bc3 49. f4 gxf4+ 50. Kxf4 Bf6 51. Ke3 Bc3 52. Kd3 Be1 53. Kd4 Bg3 54. b4 Be1 55. b5 Bf2+ 56. Ke5 Bg3+ 57. Kf6 1-0

[Event "IECG WC.2010.S.00001 email"]
[Site "IECG email"]
[Date "2007.12.15"]
[Round "?"]
[White "Pedro, Fernando Pablo"]
[Black "Granara Barreto, Sebastian"]
[Result "1/2-1/2"]
[WhiteElo "1963"]
[BlackElo "2077"]
[PlyCount "89"]
[EventDate "2007.12.15"]
[EventType "tourn (corr)"]
[EventRounds "6"]
[SourceTitle "Corr 2024"]
[Source "ChessBase"]
[SourceDate "2023.10.19"]
[SourceVersion "1"]
[SourceVersionDate "2023.10.19"]
[SourceQuality "1"]

1. e4 e5 2. Nf3 Nc6 3. Bc4 Nf6 4. d4 exd4 5. e5 d5 6. Bb5 Ne4 7. Nxd4 Bd7 8. Bxc6 bxc6 9. 0-0 Bc5 10. Be3 Bb6 11. f3 Ng5 12. f4 Ne4 13. Nd2 Nxd2 14. Qxd2 c5 15. Nf3 d4 16. Bf2 Bc6 17. f5 Bxf3 18. gxf3 Qd5 19. Bh4 Kd7 20. Qf4 Rae8 21. Rae1 Kc8 22. e6 Rhg8 23. Re5 Qxa2 24. Bg3 fxe6 25. fxe6 Re7 26. Qe4 Kb8 27. f4 Qxb2 28. Bh4 Ree8 29. e7 a5 30. Qc6 Ka7 31. Bf2 Qxc2 32. Bxd4 Qg6+ 33. Qxg6 hxg6 34. Bc3 c4+ 35. Kg2 Kb7 36. Rfe1 Rh8 37. Rg5 a4 38. Rxg6 Rh5 39. Rxg7 a3 40. Rg5 Rh7 41. Rge5 Kc6 42. f5 Bc5 43. f6 Bd6 44. R5e4 Rxh2+ 45. Kf3 1/2-1/2

[Event "IECG TE.2005.S.02001 email"]
[Site "IECG email"]
[Date "2007.12.08"]
[Round "1"]
[White "Reede, Arvo"]
[Black "Pedro, Fernando Pablo"]
[Result "0-1"]
[WhiteElo "1087"]
[BlackElo "1963"]
[PlyCount "106"]
[EventDate "2007.12.08"]
[EventType "tourn (corr)"]
[EventRounds "12"]
[SourceTitle "Corr 2024"]
[Source "ChessBase"]
[SourceDate "2023.10.19"]
[SourceVersion "1"]
[SourceVersionDate "2023.10.19"]
[SourceQuality "1"]

1. e4 e5 2. Nf3 Nc6 3. c3 Nf6 4. d4 Nxe4 5. d5 Nb8 6. Bd3 Nc5 7. Nxe5 Nxd3+ 8. Nxd3 d6 9. 0-0 Be7 10. Qf3 0-0 11. Re1 Nd7 12. Nd2 Nf6 13. h3 Re8 14. Nb3 Bd7 15. Na5 Qc8 16. Nb4 Bf5 17. Bg5 Be4 18. Qf4 Bg6 19. Qc4 Rb8 20. Re2 Qf5 21. Bxf6 Bxf6 22. Qxc7 Be5 23. Rae1 Qg5 24. Re3 h6 25. Qc4 f5 26. Qf1 f4 27. R3e2 f3 28. Re3 Bf4 29. Rxf3 Bh5 30. h4 Qf5 31. Ree3 Rxe3 32. Rxe3 Bxe3 33. fxe3 Qe4 34. Qd3 Qxh4 35. Qd4 Qe1+ 36. Kh2 Bg6 37. Nd3 Bxd3 38. Qxd3 Qh4+ 39. Kg1 Rf8 40. Qe2 Qe4 41. b3 Qxd5 42. Qc4 Qxc4 43. Nxc4 d5 44. Nd2 Re8 45. Kf2 Rc8 46. Nb1 Kf7 47. Ke2 Ke6 48. Kd3 Rf8 49. Ke2 g5 50. Nd2 g4 51. c4 h5 52. cxd5+ Kxd5 53. Nf3 gxf3+ 0-1

[Event "IECG TE.2005.S.02001 email"]
[Site "IECG email"]
[Date "2007.12.08"]
[Round "2"]
[White "Sadowski, Marek"]
[Black "Pedro, Fernando Pablo"]
[Result "1-0"]
[WhiteElo "2040"]
[BlackElo "1963"]
[PlyCount "121"]
[EventDate "2007.12.08"]
[EventType "tourn (corr)"]
[EventRounds "12"]
[SourceTitle "Corr 2024"]
[Source "ChessBase"]
[SourceDate "2023.10.19"]
[SourceVersion "1"]
[SourceVersionDate "2023.10.19"]
[SourceQuality "1"]

1. e4 e5 2. Nf3 Nc6 3. c3 d5 4. Qa4 Qd6 5. exd5 Qxd5 6. d4 Bd7 7. Qc4 Qxc4 8. Bxc4 exd4 9. cxd4 Nf6 10. 0-0 Be7 11. Nc3 Na5 12. Bd3 Be6 13. Re1 0-0-0 14. Ng5 Rxd4 15. Bc2 Bb4 16. Nxe6 fxe6 17. Rxe6 Nc4 18. g3 Rhd8 19. Kg2 a6 20. Ne2 R4d5 21. Bb3 Rc5 22. Re7 Rd7 23. Rxd7 Kxd7 24. a3 Ba5 25. Nf4 b5 26. Nd3 Rd5 27. Bc2 g6 28. Ra2 Ne5 29. Nxe5+ Rxe5 30. b4 Bb6 31. Bb3 Re1 32. Rd2+ Ke8 33. Rc2 Ne4 34. Bf4 c5 35. Be3 c4 36. Bxb6 cxb3 37. Rb2 Nd6 38. Rxb3 Nc4 39. Bc5 Kf7 40. a4 bxa4 41. Rc3 a3 42. Rxc4 a2 43. Bd4 a1Q 44. Rc7+ Kg8 45. Rg7+ Kh8 46. Bxa1 Rxa1 47. Rb7 a5 48. Ra7 a4 49. Kf3 a3 50. Kf4 Ra2 51. f3 Rxh2 52. Ke5 h6 53. Kf6 Rh5 54. Rxa3 Rb5 55. Rb3 Kh7 56. Ke7 g5 57. Kd7 h5 58. Kc6 Rf5 59. b5 h4 60. gxh4 gxh4 61. b6 1-0

[Event "IECG TE.2005.S.02001 email"]
[Site "IECG email"]
[Date "2007.12.08"]
[Round "2"]
[White "Wheeler, James"]
[Black "Pedro, Fernando Pablo"]
[Result "0-1"]
[WhiteElo "1988"]
[BlackElo "1963"]
[PlyCount "50"]
[EventDate "2007.12.08"]
[EventType "tourn (corr)"]
[EventRounds "12"]
[SourceTitle "Corr 2024"]
[Source "ChessBase"]
[SourceDate "2023.10.19"]
[SourceVersion "1"]
[SourceVersionDate "2023.10.19"]
[SourceQuality "1"]

1. e4 e5 2. Nf3 Nc6 3. c3 d5 4. Qa4 Qd6 5. exd5 Qxd5 6. Bb5 Bd7 7. 0-0 e4 8. Re1 0-0-0 9. Rxe4 a6 10. Bxa6 Nf6 11. Re3 Nb4 12. Bxb7+ Kxb7 13. Qd1 Nd3 14. Qf1 Bf5 15. Nd4 Nxc1 16. Nxf5 Qxf5 17. Qxc1 Bd6 18. Qf1 Rhe8 19. g3 Rxe3 20. dxe3 Ne4 21. Qe2 Bc5 22. Qb5+ Kc8 23. Qa6+ Kd7 24. Qe2 Ke7 25. b4 Nxf2 0-1

[Event "IECG TE.2006.P.02311 email"]
[Site "IECG email"]
[Date "2006.12.20"]
[Round "?"]
[White "Burns, Stephen"]
[Black "Pedro, Fernando Pablo"]
[Result "0-1"]
[WhiteElo "1923"]
[BlackElo "1963"]
[PlyCount "40"]
[EventDate "2006.12.20"]
[EventType "tourn (corr)"]
[EventRounds "12"]
[SourceTitle "Corr 2024"]
[Source "ChessBase"]
[SourceDate "2023.10.19"]
[SourceVersion "1"]
[SourceVersionDate "2023.10.19"]
[SourceQuality "1"]

1. e4 c5 2. c3 Nf6 3. e5 Nd5 4. d4 cxd4 5. Nf3 Nc6 6. Bc4 Nb6 7. Bb3 d5 8. exd6 Qxd6 9. 0-0 Be6 10. Na3 dxc3 11. Qe2 Bxb3 12. Nb5 Qb8 13. axb3 e5 14. bxc3 Be7 15. Bg5 f6 16. Be3 Nc8 17. c4 0-0 18. Rfd1 Nd6 19. Nc3 Nf5 20. Nd5 Nxe3 0-1

[Event "IECG TE.2006.P.02311 email"]
[Site "IECG email"]
[Date "2006.12.20"]
[Round "?"]
[White "Sulis, Giovanni"]
[Black "Pedro, Fernando Pablo"]
[Result "1/2-1/2"]
[WhiteElo "1790"]
[BlackElo "1963"]
[PlyCount "73"]
[EventDate "2006.12.20"]
[EventType "tourn (corr)"]
[EventRounds "12"]
[SourceTitle "Corr 2024"]
[Source "ChessBase"]
[SourceDate "2023.10.19"]
[SourceVersion "1"]
[SourceVersionDate "2023.10.19"]
[SourceQuality "1"]

1. e4 c5 2. c3 Nf6 3. e5 Nd5 4. d4 cxd4 5. Qxd4 e6 6. Nf3 Nc6 7. Qe4 f5 8. exf6 Nxf6 9. Qe3 Qc7 10. Bd3 d5 11. Nd4 e5 12. Nd2 Be7 13. Nf5 0-0 14. Nxe7+ Nxe7 15. f3 Nh5 16. 0-0 Nf4 17. Re1 Nxd3 18. Qxd3 Bf5 19. Qb5 Bd7 20. Qe2 Nf5 21. g4 Qb6+ 22. Qf2 Qxf2+ 23. Kxf2 Nh4 24. Kg3 Ng6 25. h4 Rae8 26. Nb3 b6 27. h5 Nh8 28. Be3 Nf7 29. Rad1 Bc6 30. f4 Nd6 31. Nd2 exf4+ 32. Bxf4 Ne4+ 33. Nxe4 dxe4 34. c4 Rd8 35. b4 Rd3+ 36. Rxd3 exd3 37. g5 1/2-1/2

[Event "Torre Blanca"]
[Site "Buenos Aires"]
[Date "2006.02.19"]
[Round "3"]
[White "Cubas, Jose Fernando"]
[Black "Pedro, Fernando Pablo"]
[Result "1-0"]
[WhiteElo "2428"]
[BlackElo "2173"]
[PlyCount "75"]
[EventDate "2006.02.18"]
[EventType "tourn"]
[EventRounds "9"]
[EventCountry "ARG"]
[EventCategory "3"]
[SourceTitle "CBM 111 Extra"]
[Source "ChessBase"]
[SourceDate "2006.05.09"]
[SourceVersion "1"]
[SourceVersionDate "2006.05.09"]
[SourceQuality "1"]

1. e4 c6 2. d4 d5 3. e5 Bf5 4. Be3 e6 5. Nd2 Nd7 6. Ne2 h5 7. Nf4 h4 8. Be2 Qc7 9. 0-0 Be7 10. g4 hxg3 11. fxg3 0-0-0 12. g4 g5 13. gxf5 gxf4 14. Bxf4 Nh6 15. f6 Rdg8+ 16. Kh1 Bf8 17. Bh5 Nb8 18. c4 Nf5 19. Rc1 Bh6 20. cxd5 Bxf4 21. Rxf4 Ne3 22. Qf3 Nxd5 23. Rg4 Rxg4 24. Qxg4 Ne3 25. Qg5 Qa5 26. Ne4 Qd5 27. Bf3 Qxd4 28. Nd6+ Kd7 29. Qg7 Rxh2+ 30. Kxh2 Qxe5+ 31. Kh1 Qxb2 32. Qxf7+ Kxd6 33. Qe7+ Ke5 34. Rg1 Qf2 35. Qc7+ Kf5 36. Qh7+ Kxf6 37. Qg7+ Kf5 38. Qg5# 1-0

[Event "IECG TE.2005.P.02012"]
[Site "IECG email"]
[Date "2005.12.19"]
[Round "?"]
[White "Fernando, Vasquez"]
[Black "Pedro, Fernando Pablo"]
[Result "0-1"]
[WhiteElo "1000"]
[BlackElo "1963"]
[PlyCount "102"]
[EventDate "2005.12.19"]
[EventType "tourn (corr)"]
[EventRounds "8"]
[SourceTitle "Corr 2024"]
[Source "ChessBase"]
[SourceDate "2023.10.19"]
[SourceVersion "1"]
[SourceVersionDate "2023.10.19"]
[SourceQuality "1"]

1. e4 e5 2. Nf3 Nc6 3. c3 f5 4. d4 fxe4 5. Nxe5 Nf6 6. Bg5 d6 7. Nxc6 bxc6 8. Nd2 Be7 9. Bxf6 Bxf6 10. Qh5+ g6 11. Qe2 0-0 12. Nxe4 Bg7 13. 0-0-0 d5 14. Ng3 Rb8 15. Qd2 c5 16. dxc5 c6 17. Bd3 Qa5 18. a3 Qxc5 19. f3 Qb6 20. Qc2 c5 21. Rhe1 Rb7 22. Bf1 Be6 23. Re2 d4 24. Rxe6 Qxe6 25. cxd4 Qe3+ 26. Qd2 Qxd2+ 27. Rxd2 Bh6 28. dxc5 Rd8 29. Ne4 Rbd7 30. Kb1 Rxd2 31. Bc4+ Kf8 32. Nxd2 Rxd2 33. g3 Rxh2 34. b4 Be3 35. b5 Bxc5 36. a4 Rg2 37. g4 h5 38. gxh5 gxh5 39. a5 h4 40. Be6 Rg3 41. Bd5 h3 42. f4 h2 43. Kc2 Rg1 44. Kc3 h1Q 45. Bxh1 Rxh1 46. Kd3 Ra1 47. Kc4 Bf2 48. a6 Rd1 49. Kc3 Bb6 50. Kb3 Rd4 51. Kc3 Kf7 0-1

[Event "IECG CA.2005.0.00153"]
[Site "IECG email"]
[Date "2005.06.26"]
[Round "?"]
[White "Pedro, Fernando Pablo"]
[Black "Pecotic, Kuzma"]
[Result "1/2-1/2"]
[WhiteElo "1963"]
[BlackElo "2019"]
[PlyCount "134"]
[EventDate "2005.06.26"]
[EventType "tourn (corr)"]
[EventRounds "6"]
[SourceTitle "Corr 2024"]
[Source "ChessBase"]
[SourceDate "2023.10.19"]
[SourceVersion "1"]
[SourceVersionDate "2023.10.19"]
[SourceQuality "1"]

1. e4 e5 2. Nf3 Nc6 3. Bb5 a6 4. Ba4 Nf6 5. 0-0 Be7 6. Re1 b5 7. Bb3 d6 8. c3 0-0 9. h3 Na5 10. Bc2 c5 11. d4 Qc7 12. d5 Nc4 13. a4 Bd7 14. b3 Na5 15. axb5 axb5 16. Nbd2 Nb7 17. Bb2 Rfb8 18. Qe2 Nh5 19. Qe3 Nf4 20. Nf1 Qc8 21. Red1 Rxa1 22. Rxa1 Ra8 23. Ng3 Rxa1+ 24. Bxa1 Qa8 25. Bb2 Qa2 26. Qc1 h5 27. Kf1 c4 28. b4 h4 29. Bb1 Qa7 30. Nh1 f5 31. exf5 Nd3 32. Bxd3 cxd3 33. Qa1 Qxa1+ 34. Bxa1 Bxf5 35. Nd2 Bg6 36. f3 Bf7 37. Nf2 Bxd5 38. Nxd3 Nd8 39. Nb2 Ne6 40. Nd1 Ba2 41. Nb2 Bd8 42. Nd3 Kf7 43. Bb2 Ke7 44. Bc1 g5 45. Nb2 d5 46. Nd3 Kd6 47. Bb2 Bb6 48. Nc1 Bc4+ 49. Ne2 Be3 50. Nxc4+ bxc4 51. g3 d4 52. gxh4 gxh4 53. cxd4 exd4 54. f4 d3 55. Be5+ Kc6 56. f5 Ng5 57. Nc3 Nxh3 58. b5+ Kc5 59. Bb8 Kd4 60. Nd1 Ke4 61. f6 Ng5 62. Bc7 Bd2 63. b6 Ba5 64. Nf2+ Kf5 65. Bd8 Bb4 66. Be7 Bc3 67. Nd1 Be5 1/2-1/2

[Event "IECG CA.2005.0.00153"]
[Site "IECG email"]
[Date "2005.06.26"]
[Round "?"]
[White "Viitala, Aki"]
[Black "Pedro, Fernando Pablo"]
[Result "1/2-1/2"]
[WhiteElo "2170"]
[BlackElo "1963"]
[PlyCount "129"]
[EventDate "2005.06.26"]
[EventType "tourn (corr)"]
[EventRounds "6"]
[SourceTitle "Corr 2024"]
[Source "ChessBase"]
[SourceDate "2023.10.19"]
[SourceVersion "1"]
[SourceVersionDate "2023.10.19"]
[SourceQuality "1"]

1. e4 Nf6 2. e5 Nd5 3. d4 d6 4. Nf3 Bg4 5. Be2 c6 6. 0-0 e6 7. c4 Nc7 8. Nc3 d5 9. c5 Be7 10. Ne1 Bf5 11. f4 Nba6 12. a3 h6 13. b4 0-0 14. Nc2 b6 15. Ra2 Bh7 16. Ne3 Qd7 17. Bd3 Bxd3 18. Qxd3 bxc5 19. bxc5 Rab8 20. Ne2 f6 21. Rb2 f5 22. Kh1 Qc8 23. Rg1 Rxb2 24. Bxb2 Nb8 25. g4 Kh7 26. Ng3 g6 27. Qf1 Qe8 28. Qh3 Qf7 29. a4 Nba6 30. Bc1 Nb4 31. Bd2 a5 32. g5 Qg7 33. Bxb4 axb4 34. Rb1 Rb8 35. Nc2 Na6 36. Rb3 Bf8 37. gxh6 Qc7 38. Ne2 Be7 39. Rb1 Qa5 40. Qb3 Nc7 41. Nc1 Qa6 42. Qd3 Qxa4 43. Ra1 Qb5 44. Qxb5 Rxb5 45. Nd3 b3 46. Ncb4 Bh4 47. Kg2 g5 48. Rb1 Kxh6 49. Nxc6 g4 50. Ndb4 Kg6 51. Kf1 Kf7 52. Rxb3 Na6 53. Rb2 Ke8 54. Nd3 Rxb2 55. Nxb2 Kd7 56. Na5 Nb4 57. Ke2 Bd8 58. Nb3 Kc6 59. Nd3 Na6 60. Kd2 Kb5 61. Kc3 Bh4 62. Nbc1 Nb8 63. Ne2 Nc6 64. Kb3 Na5+ 65. Kc3 1/2-1/2